000 003140000a22001330004500
005 20120302063209.0
942 _cBOOK
100 _a PODONY ,R.
245 _a SOMETHING CALLED NOTHING - PHYSICAL VACCUM : WHAT IS IT?
260 _aMIR PUBLISHERS ,1986
300 _a214 P.
040 _aENG
650 _aVACCUM
999 _c358834
_d358831